| 000 | 00953cam a2200241 4500 | ||
|---|---|---|---|
| 001 | ABS62661 | ||
| 008 | 000000n2000 000 0 eng u | ||
| 035 | _a(Sirsi) u107240 | ||
| 100 | _aKlein, R. | ||
| 245 | _aClash points | ||
| 260 | _c2000 | ||
| 490 |
_aBuilding _v265(8141) 16 June 2000, 68(1) |
||
| 520 | _aTwo articles supporting contradictory views concerning the involvement of specialist contractors at the outset of a project. One questions why clients are reluctant to engage specialists early on, whilst the second article states that clients have been involving specialists for over a decade, and that it is only inexperienced clients who are unaware of the benefits of expert advice. | ||
| 590 | _aABS | ||
| 650 | _aSPECIALIST CONTRACTORS | ||
| 650 | _aDESIGN PROCESS | ||
| 650 | _aCLIENTS | ||
| 650 | _aPROJECTS | ||
| 650 | _aProcurement-old | ||
| 690 |
_aProject management _96261 |
||
| 700 | _aMinogue, A. | ||
| 942 | _n0 | ||
| 999 |
_c64116 _d64116 |
||